| 000 | 00738nam a2200205 a 4500 | ||
|---|---|---|---|
| 001 | 000026328 | ||
| 005 | 20200930024511.0 | ||
| 008 | 100219s2007 dr 000 0 spa d | ||
| 040 |
_aDO-SdBNP _bspa _cBNPHU |
||
| 082 |
_a342.729302 _bR426c, 2007 |
||
| 110 | 1 |
_aRepública Dominicana. _9447 |
|
| 240 | 1 | 3 | _aConstitución (2002) |
| 245 | 1 | 0 |
_aConstitución de la República Dominicana : _bproclamada el 25 de julio de 2002. |
| 260 |
_aSanto Domingo : _b[Cámara de Diputados], _c2007. |
||
| 300 |
_a63 p. ; _c22 cm. |
||
| 590 | _aInventariado, 2018/ YL | ||
| 651 | 4 |
_aRepública Dominicana _xConstitución (2002{Rpara} _910514 |
|
| 651 | 4 |
_aRepública Dominicana _xDerecho Constitucional _99303 |
|
| 910 | _aValidado. Control de calidad EMS | ||
| 999 |
_c25820 _d25820 |
||